| 000 | 00775nam a2200229Ia 4500 | ||
|---|---|---|---|
| 003 | GCL | ||
| 005 | 20240530110316.0 | ||
| 008 | 140319s1987 le 000 0 ara d | ||
| 040 |
_aGCL / _cGCL |
||
| 082 | 0 | 4 |
_a810.9/ _bا ع |
| 100 | 1 | _aالاندلسى، ابوعمر احمد بن محمد | |
| 245 | 1 | 0 |
_aالعقد الفريد / _cالاندلسى، ابوعمر احمد بن محمد |
| 260 |
_aبيروت : _bدار الكتب العلمية، _c1987. |
||
| 300 |
_a8 اجزاء ؛ _c24 سم. |
||
| 650 | 0 | 4 | _aالشعر العربى |
| 650 | 0 | 4 | _aالادب العربى |
| 650 | 0 | 4 | _aالتاريخ الاسلامى |
| 650 | 0 | 4 | _aاعلام العرب |
| 650 | 0 | 4 | _aالخطب |
| 650 | 0 | 4 | _aالادب العربى - تاريخ ونقد |
| 942 |
_2ddc _cREF |
||
| 999 |
_c59663 _d59663 |
||